[Event "10th Karen Asrian Memorial 2017"]
[Site "Jermuk"]
[Date "2017.06.25"]
[Round "5"]
[White "Bortnyk, Olexandr"]
[Black "Melkumyan, Hrant"]
[Result "1/2-1/2"]
[WhiteElo "2580"]
[BlackElo "2624"]
[Annotator "TA"]
[PlyCount "19"]
[EventDate "2017.??.??"]
[EventType "swiss"]
[EventCountry "ARM"]
[SourceTitle "playchess.com"]
[Source "ChessBase"]
[SourceQuality "1"]

{[%evp 16,19,39,29,33,22]} 1. e4 c6 2. Nc3 d5 3. Nf3 dxe4 4. Nxe4 Nf6 5. Qe2 Nxe4 6. Qxe4 Qd5 {B11: Caro-Kann: Two Knights Variation} 7. Qh4 Qe6+ 8. Be2 Qg4 9. Qg3 {LiveBook: 7 Games} g6 $146 ({Predecessor:} 9... Qxg3 10. hxg3 Bf5 11. b3 a5 12. Bb2 h6 13. O-O-O a4 14. Nd4 {1-0 (36) Vachier Lagrave,M (2795)-Salem,A (2633) Moscow 2017}) 10. d4 1/2-1/2

[Event "10th Karen Asrian Memorial 2017"]
[Site "Jermuk"]
[Date "2017.06.25"]
[Round "5"]
[White "Kotanjian, Tigran"]
[Black "Hovhannisyan, Robert"]
[Result "1-0"]
[WhiteElo "2486"]
[BlackElo "2621"]
[Annotator "TA"]
[PlyCount "67"]
[EventDate "2017.??.??"]
[EventType "swiss"]
[EventCountry "ARM"]
[SourceTitle "playchess.com"]
[Source "ChessBase"]
[SourceQuality "1"]

{[%evp 13,67,7,29,-20,2,-36,26,37,37,46,27,42,29,25,54,54,56,58,58,50,51,50,146,138,154,135,137,137,154,136,222,215,217,207,269,262,1038,981,12814,679,667,660,660,643,608,573,12838,12839,29983,29984,29984,29985,29983,29984,29983,212]} 1. Nf3 d5 {[%cal Bd7d5,Bd5d4][%mdl 32]} 2. c4 d4 3. g3 Nc6 4. Bg2 e5 5. O-O e4 6. Ne1 {A09: Réti Opening: 1 Nf3 d5 2 c4} h5 7. d3 h4 {LiveBook: 4 Games} (7... e3 $5) 8. dxe4 {White has an edge.} hxg3 $146 ({Predecessor:} 8... Be6 9. Nf3 hxg3 10. hxg3 Qd7 11. Re1 O-O-O 12. Nbd2 Bh3 13. Bh1 {0-1 (23) Jessel,S (2382)-Lalith,B (2587) Caleta 2017}) 9. hxg3 Bh3 ({Better is} 9... Be6 $15) 10. Bxh3 $1 $11 Rxh3 11. Kg2 Qd7 12. Nd3 Nf6 13. Nd2 Ng4 {With the idea ...Rh2+.} 14. Rh1 Rxh1 15. Qxh1 O-O-O 16. Nb3 Qe6 17. Qh7 Nce5 ({Black should try} 17... Nf6 $14 18. Qf5 Nxe4 19. Qxe6+ fxe6) 18. Bg5 $16 f6 19. Bf4 Kb8 20. c5 Re8 21. Qf5 ({Don't do} 21. Nxd4 Qd7 $16) 21... Qa6 (21... Qe7 $16 22. Bxe5 Nxe5 23. Nxe5 (23. Nxd4 g6 $14) 23... Qxe5) 22. Bxe5 $1 $18 Nxe5 23. Nxe5 $40 {[%mdl 128] Black is in trouble.} ({But not} 23. Nxd4 $6 g6 $14) 23... fxe5 24. Rh1 Qxa2 $2 (24... g6 25. Qf7 Qe6 26. Qxe6 Rxe6) 25. Rh8 {[#] White wants to mate with Qxf8.} a5 26. Rxf8 (26. Qd7 $142 Ka7 27. Qxe8 Qxb3 28. Rxf8) 26... Rxf8 27. Qxf8+ Ka7 28. Qxg7 Qxb3 29. Qxc7 {KQ-KQ} a4 30. c6 Qxb2 31. Qa5+ {White mates.} Kb8 32. Qxe5+ Ka7 33. Qa5+ Kb8 34. Qd8+ {Precision: White = 88%, Black = 23%.} 1-0

[Event "10th Karen Asrian Memorial 2017"]
[Site "Jermuk"]
[Date "2017.06.25"]
[Round "5"]
[White "Danielian, Elina"]
[Black "Sengupta, Deep"]
[Result "1/2-1/2"]
[WhiteElo "2451"]
[BlackElo "2594"]
[Annotator "TA"]
[PlyCount "84"]
[EventDate "2017.??.??"]
[EventType "swiss"]
[EventCountry "ARM"]
[SourceTitle "playchess.com"]
[Source "ChessBase"]
[SourceQuality "1"]

{[%evp 23,84,24,35,25,26,27,23,41,22,16,16,16,16,16,16,20,14,14,17,10,8,6,6,6,3,4,10,8,12,7,16,22,16,0,0,0,0,0,0,0,0,0,0,0,0,0,0,0,0,0,0,0,0,0,0,0,0,0,0,0,0,0,0]} 1. d4 d5 2. Nf3 Nf6 3. c4 c6 4. e3 e6 5. Bd3 Nbd7 6. O-O Bd6 7. Nbd2 O-O 8. e4 dxe4 9. Nxe4 Nxe4 10. Bxe4 h6 11. Bc2 e5 12. c5 Bc7 13. Qd3 {[%csl Gc2][%cal Rd3h7] [#] D46: Semi-Slav: 5 e3 Nbd7 6 Bd3, Black avoids the Meran} f5 14. dxe5 Nxe5 15. Nxe5 {White has an edge.} Bxe5 16. Qc4+ {The position is equal.} Kh8 17. Bf4 Qd4 18. Qxd4 Bxd4 19. Rad1 Bxb2 20. Rfe1 b6 {[#]} 21. h4 $146 Bc3 22. Re7 Bf6 23. Rc7 bxc5 24. Rxc6 c4 25. Rxc4 Be6 26. Ra4 Rfd8 27. Rxd8+ Bxd8 28. Be3 (28. Ra6 $5 {[%cal Ra6e6]} Bb6 29. Be3 $14) 28... a5 29. Bb3 Bxb3 30. axb3 $11 {[%mdl 4096] Endgame KRB-KRB} Rb8 31. Bd2 Rb5 32. b4 Rd5 33. Be3 f4 34. Ba7 Rd1+ 35. Kh2 Rd7 36. Bc5 Rd5 37. Ba7 ({Much weaker is} 37. bxa5 Rxc5 38. a6 Rc8 $17) 37... Rd7 38. Bc5 Rd5 39. Ba7 ({Don't play} 39. bxa5 Rxc5 40. a6 Rc8 $17) 39... axb4 40. Rxb4 Bc7 41. Bb8 Bxb8 42. Rxb8+ Kh7 {Precision: White = 87%, Black = 89%.} 1/2-1/2

[Event "10th Karen Asrian Memorial 2017"]
[Site "Jermuk"]
[Date "2017.06.26"]
[Round "6"]
[White "Melkumyan, Hrant"]
[Black "Zubov, Alexander"]
[Result "1/2-1/2"]
[WhiteElo "2624"]
[BlackElo "2612"]
[Annotator "TA"]
[PlyCount "83"]
[EventDate "2017.??.??"]
[EventType "swiss"]
[EventCountry "ARM"]
[SourceTitle "playchess.com"]
[Source "ChessBase"]
[SourceQuality "1"]

{[%evp 23,83,0,10,-29,-18,-25,0,0,0,0,0,-7,-1,-18,0,0,0,0,0,0,0,0,14,10,11,9,15,0,0,0,0,0,24,0,6,0,0,0,0,0,0,0,0,0,0,0,0,0,0,0,0,0,0,0,0,0,0,0,0,0,0,0]} 1. Nf3 Nf6 2. c4 g6 3. Nc3 Bg7 4. e4 O-O 5. d4 d6 6. Be2 c6 7. O-O e5 8. Be3 exd4 9. Nxd4 Re8 10. f3 d5 11. cxd5 Nxd5 12. Nxd5 {E94: King's Indian: Classical: 6 Be2 e5 7 0-0: Various Black 7th moves} cxd5 {LiveBook: 71 Games} 13. Bb5 Bd7 {...Bxd4 is the strong threat.} 14. Qb3 {[#]} Bxd4 $146 ({Predecessor:} 14... Nc6 15. Qxd5 Re5 16. Bxc6 Rxd5 17. Bxd5 Bxd4 18. Bxd4 Bc6 19. Rfd1 Bxd5 {½-½ (49) Zhou,J (2566)-Volokitin,A (2678) Khanty-Mansiysk 2007}) 15. Bxd4 Bxb5 16. Qxb5 dxe4 17. Rad1 Nc6 18. Bc3 Qb6+ 19. Qxb6 axb6 20. Rd7 Re7 21. Rxe7 Nxe7 $11 {[%mdl 4096] Endgame KRB-KRN} 22. Rd1 Kf8 23. fxe4 Ke8 $1 24. a3 Ra4 25. e5 Rc4 26. Kf2 h5 27. Kf3 Rc6 28. h3 Nf5 {The position is equal.} 29. g4 hxg4+ 30. hxg4 Ng7 31. Bd4 Ne6 32. Be3 Rc2 33. b4 Rc3 34. Ke4 b5 35. Rd6 Rc4+ 36. Kf3 Rc6 37. Rd5 Rc3 38. Ke4 Nc7 39. Rc5 Rxc5 40. Bxc5 Kd7 41. Bb6 Ne6 42. Kd5 {Precision: White = 75%, Black = 86%.} 1/2-1/2

[Event "10th Karen Asrian Memorial 2017"]
[Site "Jermuk"]
[Date "2017.06.26"]
[Round "6"]
[White "Sengupta, Deep"]
[Black "Kotanjian, Tigran"]
[Result "0-1"]
[WhiteElo "2594"]
[BlackElo "2486"]
[Annotator "TA"]
[PlyCount "116"]
[EventDate "2017.??.??"]
[EventType "swiss"]
[EventCountry "ARM"]
[SourceTitle "playchess.com"]
[Source "ChessBase"]
[SourceQuality "1"]

{[%evp 11,116,7,25,8,16,19,41,55,61,62,64,56,54,64,62,59,61,54,62,54,61,44,62,27,60,53,54,13,29,0,38,37,43,0,25,0,72,40,23,18,18,19,29,-10,-12,-12,-10,-15,-22,-8,0,-7,-12,-7,0,-50,-43,-56,-36,-136,-134,-136,-132,-237,-206,-246,-239,-248,-233,-240,-241,-208,-197,-331,-310,-379,-381,-393,-399,-462,-455,-438,-412,-530,-529,-564,-582,-557,-551,-660,-605,-854,-854,-853,-783,-1514,-1460,-2308,-1879,-4897,-2774,-29981,-29982,-29983,-29984,-29987,-29988]} 1. e4 c5 2. Nf3 Nc6 3. Bb5 g6 4. Bxc6 bxc6 5. O-O Bg7 6. Re1 Nh6 7. h3 {B31: Sicilian: 2...Nc6 3 Bb5 g6} O-O 8. c3 Kh8 $146 ({Predecessor:} 8... f5 9. e5 Nf7 10. d4 cxd4 11. cxd4 c5 12. dxc5 Bb7 13. Nc3 e6 14. Be3 Rb8 15. Bd4 h5 {½-½ (29) Adams,M (2747)-Giri,A (2785) Moscow 2017}) 9. d4 {White is slightly better.} Qb6 10. b3 cxd4 11. cxd4 c5 {[%cal Rc5d4]} 12. Be3 cxd4 13. Bxd4 Bxd4 14. Nxd4 Bb7 15. Nc3 {[%cal Bb1c3,Bc3a4,Ba4c5][%mdl 32]} Ng8 16. Na4 Qd6 17. b4 Rab8 18. Nc5 Ba8 19. a3 Rfd8 20. Ra2 Qb6 21. Na4 Qa6 22. Nc5 Qb6 $1 23. Na4 Qa6 24. Qb3 Rdc8 25. Rc2 Rxc2 26. Nxc2 {next Nc5 is good for White.} d6 27. Nc3 Rc8 28. b5 Qb6 29. Re3 Kg7 30. Na4 Qb8 31. f3 Nf6 32. Rc3 d5 33. e5 Nd7 34. e6 fxe6 {[%cal Bf7e6,Be6e5][%mdl 32]} 35. Nd4 (35. Nb4 $15) 35... Kf7 $17 36. Rxc8 Qxc8 37. Qc3 (37. Nc2 $17) 37... Qxc3 $19 38. Nxc3 {[%mdl 4096] Endgame KBN-KNN} e5 39. Nc6 {[#]} Bxc6 $1 40. bxc6 {KN-KN} Nb6 41. Nb5 Nc8 42. Nc7 (42. Kf2 {was called for.}) 42... e6 43. Nb5 Ke7 44. Kf2 Kd8 45. Ke2 a6 46. Nc3 {White hopes to continue with Na4.} Kc7 47. Na2 Nd6 48. Nb4 a5 49. Nd3 Nc4 50. Nc5 Kxc6 51. Nxe6 Nxa3 52. Kd3 Nc4 53. f4 Kd6 {[#] Strongly threatening ...e4+.} 54. Ng5 e4+ 55. Kd4 a4 {[%cal Ba5a4,Ba4a3][%mdl 32]} 56. Kc3 a3 {Black mates.} 57. Kb3 e3 58. Nf3 Nd2+ {Precision: White = 30%, Black = 76%.} 0-1

[Event "10th Karen Asrian Memorial 2017"]
[Site "Jermuk"]
[Date "2017.06.26"]
[Round "6"]
[White "Maghsoodloo, Parham"]
[Black "Smirnov, Pavel"]
[Result "1/2-1/2"]
[WhiteElo "2584"]
[BlackElo "2589"]
[Annotator "TA"]
[PlyCount "167"]
[EventDate "2017.??.??"]
[EventType "swiss"]
[EventCountry "ARM"]
[SourceTitle "playchess.com"]
[Source "ChessBase"]
[SourceQuality "1"]

{[%evp 20,167,7,3,0,3,4,2,6,0,51,52,35,25,68,77,85,37,64,64,94,63,76,8,12,0,5,-42,-18,-10,-22,-27,-17,-89,-34,-41,-39,-45,-40,-50,-58,-52,-43,-55,0,-70,-68,-84,-39,-60,-57,-29,-20,-12,-25,-13,-12,-24,0,0,0,0,0,0,0,0,0,0,1,0,22,29,34,0,12,13,54,42,54,68,44,0,0,0,0,-97,-89,-119,-104,-104,-104,-83,-98,-83,8,8,8,8,8,8,11,11,11,11,14,8,8,8,8,8,8,8,8,1,1,4,8,8,8,8,8,0,8,8,8,8,8,8,8,8,10,10,14,14,14,8,16,8,14,8,16,4,8,8,10,8,14,14,17,17]} 1. Nf3 Nf6 2. g3 d5 3. Bg2 e6 4. O-O Be7 5. d3 O-O 6. Nbd2 c5 7. e4 Nc6 8. Re1 dxe4 9. dxe4 e5 10. c3 Qc7 11. Qe2 {LiveBook: 11 Games} Rd8 {C00: French: Unusual White 2nd moves} 12. Nc4 {[%cal Bd2c4,Bc4e3,Be3d5][%mdl 32]} h6 13. Nh4 Be6 14. Ne3 (14. f4 exf4 15. Bxf4 Qc8 16. Nf5 Bxf5 17. exf5 Nd5 18. Bxd5 Rxd5 19. Ne3 Rd8 {½-½ (30) Svidler,P (2734)-Golubov,S (2405) Sochi 2015}) 14... c4 $146 (14... Bf8 $11) ({Predecessor:} 14... Bf8 15. h3 g6 16. Ng4 Nxg4 17. hxg4 Qd7 18. g5 h5 19. Be3 Qd3 20. Qxd3 Rxd3 {½-½ (27) Alonso Fernandez Revuelta,R (2138)-Puertolas Serena,A (1916) Aragon 2008}) 15. Nhf5 Bf8 16. Qf3 Ne8 17. Nd5 Qd7 18. h4 f6 19. Be3 Qf7 20. h5 (20. Rad1 {looks sharper.} Nd6 21. Rf1 Kh8 22. Rd2 b5 23. Rfd1) 20... Nd6 21. Nxd6 (21. Rad1 $16) 21... Rxd6 $11 22. Qe2 f5 23. Bc5 Rdd8 {[%cal Bd6d8,Bd8f8,Bf8f3][%mdl 32]} (23... Rd7 $5 {[%cal Rf8c5]} 24. Bxf8 Rxf8 $15) 24. Bxf8 Rxf8 25. Rad1 f4 26. Qxc4 (26. g4 $11) 26... fxg3 (26... Rad8 $17) 27. fxg3 $15 Qf2+ $1 28. Kh2 Rf3 29. Rf1 Qxg3+ 30. Kg1 $1 Rxf1+ 31. Rxf1 Kh8 ({Black should try} 31... Qg5 $15) 32. Rf3 ({White should play} 32. Qc5 $11) 32... Qg5 33. Qc5 {With the idea Nc7.} Rg8 ({Of course not} 33... Qxh5 $6 34. Nc7 $11) 34. b4 a6 35. a4 Qxh5 36. b5 axb5 37. axb5 Nd8 {White should prevent ...Nf7.} 38. Nf4 Qg5 {[#]} (38... b6 $5 39. Qxe5 Qxe5 40. Ng6+ Kh7 41. Nxe5 Nb7 $11) 39. Qxe5 $1 {[%mdl 512]} Qxe5 40. Ng6+ Kh7 41. Nxe5 Re8 42. Rf1 Bb3 43. Nd7 Bc4 44. Rb1 Ne6 45. Rb4 Bd3 46. Kf2 Re7 47. Nb6 Rf7+ 48. Ke3 Bf1 49. Bf3 Ng5 50. Bd1 g6 51. Nd5 h5 52. e5 (52. b6 $11 {keeps the balance.}) 52... Rf5 $17 53. Nf6+ Kg7 54. Nd7 Kf7 55. Bc2 Rf3+ 56. Kd2 Ke6 (56... Kg7 $17 57. Nc5 Rf7) 57. Nc5+ $11 {The position is equal.} Kxe5 58. Bxg6 h4 59. Rxh4 Bxb5 60. Nxb7 Rf6 {[#] And now ...Nf3+ would win.} 61. Rb4 Bc6 62. Bd3 Rf2+ 63. Ke3 Rf3+ 64. Ke2 Rh3 65. Nc5 Kd6 66. Nb3 Ne6 67. Na5 Bd5 68. Nc4+ Bxc4 69. Rxc4 {[%mdl 4096] Endgame KRB-KRN} Nc5 70. Bc2 Rh2+ 71. Kd1 Rh1+ 72. Kd2 Rh2+ 73. Kc1 Kd5 74. Rg4 Rf2 75. Bh7 Nb3+ 76. Kd1 Nc5 77. Rg5+ Kc6 78. Bg8 Kb5 79. Rg4 Na4 80. Ke1 Rb2 81. Bc4+ Kb6 82. Rg8 Rh2 83. Rg3 Rb2 84. Bf7 {Precision: White = 63%, Black = 67%.} 1/2-1/2

[Event "10th Karen Asrian Memorial 2017"]
[Site "Jermuk"]
[Date "2017.06.26"]
[Round "6"]
[White "Postny, Evgeny"]
[Black "Danielian, Elina"]
[Result "1-0"]
[WhiteElo "2581"]
[BlackElo "2451"]
[Annotator "TA"]
[PlyCount "95"]
[EventDate "2017.??.??"]
[EventType "swiss"]
[EventCountry "ARM"]
[SourceTitle "playchess.com"]
[Source "ChessBase"]
[SourceQuality "1"]

{[%evp 23,95,16,14,5,10,0,16,15,16,-14,35,20,39,24,33,34,41,18,22,9,11,7,16,7,5,0,0,0,11,0,0,0,3,-68,-62,-70,0,0,68,57,119,77,68,71,127,104,163,150,141,150,199,185,238,238,1335,1243,5065,411,167,412,406,400,446,400,814,813,4674,2187,2227,2108,5110,5097,2227,1993]} 1. d4 Nf6 2. c4 e6 3. Nf3 b6 4. g3 Bb4+ 5. Bd2 Be7 6. Bg2 Bb7 7. Nc3 c6 8. O-O {E16: Queen's Indian: 4 g3 Bb7 5 Bg2 Bb4+} (8. e4 d5 9. exd5 cxd5 10. Ne5 O-O 11. O-O Nc6 12. cxd5 Nxe5 13. dxe5 Nxd5 14. Rc1 Nxc3 {½-½ (14) Mamedyarov,S (2772)-Grischuk,A (2750) Moscow 2017}) 8... d5 9. Bf4 dxc4 10. Ne5 Nd5 11. Nxc4 Nxf4 12. gxf4 Nd7 {LiveBook: 4 Games} 13. Rc1 O-O 14. e3 Qc7 15. a3 Rad8 {[#]} 16. Qf3 $146 ({Predecessor:} 16. Qb3 a6 {1-0 (64) Bluebaum,M (2588)-Lupulescu,C (2626) Medias 2015}) 16... Ba8 (16... Ba6 $5 {[%cal Ra6c4]} 17. Ne2 Rc8 $11) 17. Qh3 Qb8 18. b4 {[%cal Bb2b4,Bb4b5][%mdl 32]} c5 19. dxc5 bxc5 20. b5 Nb6 21. Ne5 Nd5 22. Nxd5 exd5 23. Nd7 Qxb5 24. Nxf8 $40 {[%mdl 128] White attacks.} Bxf8 25. Qh4 Rd6 26. Rb1 Qe8 27. f5 Rh6 (27... Be7 $5 {[%cal Re7h4]} 28. Qg4 Rd8 $11) 28. Qg3 (28. Qg4 $11) 28... Bd6 $15 29. f4 Rf6 (29... c4 $15) 30. Rbd1 $1 $11 c4 (30... Rxf5 $11 31. e4 Rf6 32. exd5 Qa4) 31. Bxd5 $14 Bc5 (31... Bxa3 $14 32. Qf3 (32. Bxc4 Rxf5 33. Rd3 Be7 $11) 32... Bxd5 33. Rxd5 Rc6) 32. Bxa8 Qxa8 33. Qf3 Qe8 (33... Qc8 $142) 34. Kh1 Rxf5 (34... Bxa3 $16 {is a better defense.} 35. Ra1 Bc5) 35. e4 $18 {[%cal Be3e4,Be4e5][%mdl 32]} Rf6 {[#]} 36. Rc1 $1 h6 37. Rxc4 Qb5 (37... Bf8 $142 38. e5 Rb6) 38. Rfc1 Bb6 $2 (38... Bf8 39. Rc8 Rb6) 39. e5 ({Less strong is} 39. Rc8+ Kh7 $16) 39... Rg6 40. f5 (40. Qa8+ $142 Kh7 41. Rc8) 40... Rg1+ 41. Rxg1 Qxc4 {[%mdl 4096] Endgame KQR-KQB} 42. Re1 Ba5 43. Qe4 Qb5 (43... Qxe4+ $142 44. Rxe4 Bc7) 44. Rb1 {White is clearly winning.} Qc5 45. e6 {Intending exf7+ and mate.} Bd8 46. Re1 Be7 {[#]} 47. f6 $1 gxf6 (47... Bxf6 48. exf7+) 48. Rg1+ {Precision: White = 71%, Black = 27%.} 1-0

[Event "10th Karen Asrian Memorial 2017"]
[Site "Jermuk"]
[Date "2017.06.26"]
[Round "6"]
[White "Harutyunian, Tigran K"]
[Black "Kovalenko, Igor"]
[Result "0-1"]
[WhiteElo "2523"]
[BlackElo "2656"]
[Annotator "TA"]
[PlyCount "64"]
[EventDate "2017.??.??"]
[EventType "swiss"]
[EventCountry "ARM"]
[SourceTitle "playchess.com"]
[Source "ChessBase"]
[SourceQuality "1"]

{[%evp 9,64,-8,19,26,27,25,41,38,36,25,39,25,24,11,22,25,30,28,45,-16,12,-53,0,-47,56,-77,-85,-137,-131,-176,-167,-180,-177,-174,-165,-707,-714,-1373,-1290,-2067,-1968,-2061,-1967,-1552,-1465,-29989,-29990,-29990,-29991,-29991,-29992,-29992,-29993,-29993,-29994,-29994,-29992]} 1. Nf3 d5 2. c4 d4 3. b4 {[%cal Bb2b4,Bb4b5][%mdl 32]} Bg4 4. Qb3 (4. g3 Bxf3 5. exf3 e6 6. b5 Nf6 7. Bg2 a6 8. f4 axb5 9. cxb5 c6 10. O-O Be7 11. bxc6 Nxc6 {0-1 (40) Rapport,R (2729)-Caruana,F (2813) Germany 2017}) 4... Nc6 5. d3 $146 ({Predecessor:} 5. b5 Na5 6. Qa4 Bxf3 7. gxf3 b6 8. Bg2 d3 9. e3 e6 10. f4 Be7 11. Bb2 Bf6 12. Bxf6 Nxf6 {½-½ (46) Kanep,M (2509)-Agrest,E (2590) Tallinn 2015}) 5... Bxf3 6. exf3 {A09: Réti Opening: 1 Nf3 d5 2 c4} e6 7. b5 Ne5 8. Be2 {White is slightly better.} Nd7 9. f4 Bd6 10. a4 a5 11. Qb2 Qf6 12. g3 h5 13. h4 Ne7 14. O-O (14. Nd2 $14) 14... Qg6 15. Kh2 (15. Bf3 $11) 15... Nf5 ({Black should play} 15... e5 $1 $15 16. fxe5 Nxe5) 16. Bf3 e5 (16... O-O-O $15) 17. c5 (17. Bxb7 $14 {stays ahead.} Rd8 18. fxe5 Bxe5 19. Rg1) 17... Nxc5 $17 {Hoping for ...exf4.} 18. fxe5 ({White should try} 18. Qe2 O-O-O 19. fxe5) 18... Nxd3 ({But not} 18... Bxe5 $6 19. Qe2 $11) 19. Qe2 Nxe5 {aiming for ...d3.} 20. Bxb7 O-O {Strongly threatening ...d3.} 21. Bxa8 Rxa8 22. Bf4 $2 {[#]} (22. Qe4 Re8 23. Kh3) 22... Re8 $1 $19 {[%cal Ba8e8,Be8e6,Be6g6][%mdl 32] And now ...Ng4+ would win.} 23. Kh1 d3 24. Qd1 {[#]} Nxh4 $1 {[%mdl 512]} 25. Nd2 (25. gxh4 Qe4+) 25... Qf5 26. Kg1 Re6 {( -> ...Qh3)} 27. Ra2 Qh3 {[%csl Gh4][%cal Rh3g2] Black mates.} 28. gxh4 Rg6+ 29. Bg5 Ng4 {[%csl Gd6,Gg4][%cal Rh3h2]} 30. Nf3 Bh2+ 31. Kh1 Bf4+ 32. Kg1 Ne5 {Precision: White = 32%, Black = 69%.} 0-1

[Event "10th Karen Asrian Memorial 2017"]
[Site "Jermuk"]
[Date "2017.06.26"]
[Round "6"]
[White "Martirosyan, Haik M"]
[Black "Bortnyk, Olexandr"]
[Result "1-0"]
[WhiteElo "2516"]
[BlackElo "2580"]
[Annotator "TA"]
[PlyCount "103"]
[EventDate "2017.??.??"]
[EventType "swiss"]
[EventCountry "ARM"]
[SourceTitle "playchess.com"]
[Source "ChessBase"]
[SourceQuality "1"]

{[%evp 14,103,8,4,36,33,33,24,25,25,27,22,53,61,49,27,110,112,118,109,111,102,97,102,95,85,87,86,103,92,84,76,80,74,97,60,110,112,93,95,222,217,243,248,234,231,223,218,235,233,244,241,222,222,282,224,224,222,222,224,223,218,225,185,320,226,262,262,252,227,253,190,221,218,218,218,305,277,281,302,293,279,266,282,254,177,353,353,918,901,5026,915]} 1. d4 Nf6 2. c4 b6 3. Nc3 Bb7 4. f3 d5 5. cxd5 Nxd5 6. e4 Nxc3 7. bxc3 e6 8. Be3 {LiveBook: 11 Games. A50: Queen's Fianchetto Defence (1 d4 Nf6 2 c4 b6)} Nd7 (8... Be7 9. Bb5+ c6 10. Ba4 O-O 11. Ne2 b5 12. Bb3 Nd7 13. O-O a5 14. Nf4 c5 15. a4 bxa4 16. Bxa4 cxd4 17. cxd4 {1-0 (47) Granda Zuniga,J (2675)-Anton Guijarro,D (2609) Linares 2014}) 9. Bd3 c5 10. Ne2 {White is slightly better.} Be7 11. O-O O-O 12. a4 $146 ({Predecessor:} 12. Rc1 cxd4 13. cxd4 e5 14. d5 Nc5 15. Bc4 Kh8 {½-½ (44) Tomaszewski,K (2012)-Teclaf,P (1979) Szczyrk 2014}) 12... a6 13. Rb1 Qc7 14. Bf4 Qc6 {[#]} (14... e5 $11 15. dxe5 c4) 15. d5 $1 $36 {[%cal Rd5c6][%mdl 2560] Keeping Black busy.} exd5 16. exd5 Qf6 ({Don't blunder} 16... Qxd5 $2 17. Be4 $18) 17. d6 Bd8 18. Qc2 Kh8 19. Be4 Bxe4 20. Qxe4 Ra7 21. c4 Qe6 22. Nc3 Qxe4 23. Nxe4 f5 24. Nc3 g5 25. Bg3 $1 f4 26. Bf2 $1 Ne5 {[#]} (26... Kg8 $16) 27. a5 $1 $18 {[%mdl 512]} Nxc4 (27... bxa5 28. Bxc5) 28. axb6 Rb7 29. Ne4 ({Not} 29. Bxc5 Nd2 $16) 29... Rxb6 30. Bxc5 Rb5 31. Rxb5 $1 axb5 32. Rb1 Kg7 33. Rxb5 Rf7 34. Rb4 Na5 35. Bd4+ Kg6 36. Rb8 Rd7 37. Ra8 Kf5 38. Ra6 {Strongly threatening Nc5.} Nb3 (38... Nb7 $142 39. Bc3 h5) 39. Bb6 h6 40. Bxd8 Rxd8 {[%mdl 4096] Endgame KRN-KRN} 41. Ra7 Nd4 42. Rf7+ Kg6 43. Re7 Nf5 44. Ra7 Ne3 45. d7 Kf7 {[#]} 46. Nc5 $1 Nd5 47. Kf2 Ke7 {[#]} 48. Ke2 $1 Nb4 49. Ra4 Nd5 $2 (49... Rb8 50. g3 Kd8 51. gxf4 gxf4) 50. Kd3 Rb8 $2 (50... Nc7 51. Re4+ Kf7) 51. Re4+ Kd6 52. d8=Q+ {Precision: White = 82%, Black = 48%.} (52. Re8 $142 Nf6 53. Rxb8 Nxd7 54. Nxd7) 1-0

[Event "10th Karen Asrian Memorial 2017"]
[Site "Jermuk"]
[Date "2017.06.26"]
[Round "6"]
[White "Vignesh N R"]
[Black "Pashikian, Arman"]
[Result "1/2-1/2"]
[WhiteElo "2450"]
[BlackElo "2603"]
[Annotator "TA"]
[PlyCount "32"]
[EventDate "2017.??.??"]
[EventType "swiss"]
[EventCountry "ARM"]
[SourceTitle "playchess.com"]
[Source "ChessBase"]
[SourceQuality "1"]

{[%evp 20,32,6,8,11,2,2,19,12,8,12,0,0,0,0]} 1. e4 e5 2. Nf3 Nc6 3. Nc3 Nf6 4. d4 exd4 5. Nxd4 Bb4 6. Nxc6 bxc6 7. Bd3 d5 8. exd5 O-O 9. O-O cxd5 10. Bg5 Be6 11. Qf3 {The position is equal.} h6 {C47: Scotch Four Knights and Four Knights with 4 g3} (11... Be7 12. h3 Rb8 13. b3 h6 14. Bf4 Bd6 15. Rad1 c5 16. Ne2 Re8 17. Rfe1 Bxf4 18. Nxf4 Qb6 19. Nxe6 Rxe6 20. Rxe6 Qxe6 {½-½ (47) Liu,C (2361)-Asis Gargatagli,H (2504) Barcelona 2016}) 12. Bxf6 Qxf6 13. Qxf6 gxf6 14. Ne2 c5 {[#] aiming for ...c4.} 15. c3 Ba5 16. Rfd1 $146 ({Predecessor:} 16. a3 c4 17. Bc2 Rab8 18. Rab1 Rb7 19. Rfd1 {0-1 (44) Nguyen,H-Ta,Q Vietnam 2012}) 16... Rfc8 1/2-1/2